000 01552cab a2200193 4500
001 L130880
008 050912n2005 000 0 eng u
035 _a(Sirsi) u130880
041 0 _aeng
110 _aRoyal Institution of Chartered Surveyors
_94900
245 _aPlanning for housing
_bRICS submission to government
260 _aLondonbRICS
_c2005
520 _aRICS has made its submission to government in respect of the ODPM consultation "Planning for housing provision" (see L130383). RICS sees the proposals to reform the system of planning for housing provision as meaning the abolition of the 'plan, monitor, manage' approach to housing numbers which government has admitted has failed. Ministers are seeking now to allow the planning system to respond more quickly to the housing market so that more homes can be built where they are needed through a rolling 15 year pool of land supply. A key concern is that despite government assurances that more emphasis will be placed on the development of brownfield sites there is in fact an implication that the trigger to release more land may actually result in development being targeted at already over-priced areas, leading to a cycle that could be difficult to stop.
590 _aIKA130905
690 _aPROPERTY-RESIDENTIAL PROPERTY-RESIDENTIAL LAND
700 _aFoster, Oliver
856 _uhttps://www.rics.org/Environmentalandlandconsultancy/Planninganddevelopment/Planningreform/planning+for+housing.htm
_zView the RICS submission free of charge at www.rics.org...
942 _n0
999 _c75862
_d75862